000 00306nam a22001337a 4500
008 170316b xxu||||| |||| 00| 0 eng d
020 _a9780444520036
041 _aeng
080 _23RD
_a616.8
100 _a7
101 _aSHM
245 _aHANDBOOK OF CLINICAL NEUROLOGY
_cAMINOFF, M.J
942 _2udc
_cBK
999 _c7980
_d7980